000 00796nam a22002057a 4500
005 2010081609229.0
010 _aENG-100238
020 _c1875.00
035 _aENG-83770
037 _bDBAD/PUB
082 _a005.133
100 _aTambade, Ravi
_914252
245 _aLearning .Net 3.0 :
_bC# programming /
_cby Ravi Tambade
260 _aMaharashtra
_bAvani Publications
_c2008
270 _aFlat No.2, Ground Floor, Radhakrihna Apts., Prabhat Road, Lane No. 10, Erandawana Pune
_bMaharashtra
_e411004
300 _a488p.:
_bill.
_c29cm (pbk)
650 _aComputer Programming Language
_914253
942 _2ddc
_cEN
_h005.133
_mTAM
999 _c42044
_d42044